[Event "Montesilvano Adriatico op 10th"]
[Site "Montesilvano"]
[Date "2016.09.18"]
[Round "5"]
[White "Juhasz, Armin"]
[Black "Lattanzio, Savino"]
[Result "1/2-1/2"]
[WhiteElo "2406"]
[BlackElo "2241"]
[PlyCount "72"]
[EventDate "2016.09.16"]
[EventType "swiss"]
[EventRounds "5"]
[EventCountry "ITA"]
[SourceTitle "CBM 174 Extra"]
[Source "ChessBase"]
[SourceDate "2016.10.10"]
[SourceVersion "1"]
[SourceVersionDate "2016.10.10"]
[SourceQuality "1"]

1. d4 Nf6 2. c4 e6 3. Nf3 Bb4+ 4. Nbd2 b6 5. a3 Bxd2+ 6. Qxd2 Bb7 7. e3 0-0 8. Be2 d6 9. b4 Nbd7 10. Bb2 Ne4 11. Qc2 f5 12. 0-0 Qe7 13. d5 e5 14. Nd2 Nxd2 15. Qxd2 a5 16. Qc2 axb4 17. axb4 g6 18. f3 Nf6 19. e4 fxe4 20. fxe4 Kg7 21. Rxa8 Rxa8 22. Bc1 Rf8 23. Be3 Bc8 24. h3 Nh5 25. Rxf8 Qxf8 26. Bxh5 gxh5 27. c5 bxc5 28. bxc5 Bd7 29. Qb2 Be8 30. Qb7 Qe7 31. c6 Bg6 32. Bb6 Bxe4 33. Bxc7 Bxd5 34. Bxd6 Qxb7 35. cxb7 Bxb7 36. Bxe5+ Kg6 1/2-1/2

[Event "Montesilvano Adriatico op 10th"]
[Site "Montesilvano"]
[Date "2016.09.17"]
[Round "3"]
[White "Pasini, Nicolo"]
[Black "Lattanzio, Savino"]
[Result "0-1"]
[WhiteElo "1986"]
[BlackElo "2241"]
[PlyCount "35"]
[EventDate "2016.09.16"]
[EventType "swiss"]
[EventRounds "5"]
[EventCountry "ITA"]
[SourceTitle "CBM 174 Extra"]
[Source "ChessBase"]
[SourceDate "2016.10.10"]
[SourceVersion "1"]
[SourceVersionDate "2016.10.10"]
[SourceQuality "1"]

1. e4 c6 2. d4 d5 3. Nc3 g6 4. exd5 cxd5 5. Bd3 Bg7 6. Nge2 Nc6 7. Bf4 a6 8. Qd2 Nf6 9. a3 0-0 10. f3 Re8 11. 0-0 Nh5 12. Kh1 Nxf4 13. Nxf4 Nxd4 14. Nfxd5 e6 15. Ne3 Bd7 16. Bc4 Qc7 17. Bb3 Rad8 18. Qf2 0-1

[Event "Nichelino op 16th"]
[Site "Nichelino"]
[Date "2015.10.03"]
[Round "2"]
[White "De Santis, Alessio"]
[Black "Lattanzio, Savino"]
[Result "1-0"]
[WhiteElo "2303"]
[BlackElo "2193"]
[PlyCount "65"]
[EventDate "2015.10.02"]
[EventType "swiss"]
[EventRounds "5"]
[EventCountry "ITA"]
[SourceTitle "EXT 2018"]
[Source "ChessBase"]
[SourceDate "2017.10.13"]
[SourceVersion "1"]
[SourceVersionDate "2017.10.13"]
[SourceQuality "1"]

1. b3 b6 2. Bb2 Bb7 3. Nf3 e6 4. g3 Nf6 5. Bg2 Be7 6. c4 0-0 7. 0-0 Na6 8. d3 c5 9. e4 d6 10. Nc3 Nc7 11. Qe2 a6 12. d4 cxd4 13. Nxd4 Ra7 14. Rfe1 Qa8 15. h3 Rd8 16. Kh2 Bf8 17. Rad1 e5 18. Nc2 b5 19. Nd5 Ncxd5 20. cxd5 Bc8 21. f4 Nd7 22. Nb4 Bb7 23. h4 a5 24. Nd3 exf4 25. gxf4 Re8 26. Qg4 Qd8 27. Bd4 Ra6 28. Bf3 Bc8 29. Qg3 f5 30. Rg1 Nf6 31. exf5 Bxf5 32. Qg5 Bg6 33. f5 1-0

[Event "Giovinazzo  Sole di Puglia 1st"]
[Site "Giovinazzo"]
[Date "2015.07.23"]
[Round "6"]
[White "Lattanzio, Savino"]
[Black "Damia, Angelo"]
[Result "1-0"]
[WhiteElo "2155"]
[BlackElo "2159"]
[PlyCount "113"]
[EventDate "2015.07.19"]
[EventType "swiss"]
[EventRounds "9"]
[EventCountry "ITA"]
[SourceTitle "EXT 2024"]
[Source "ChessBase"]
[SourceDate "2023.10.10"]
[SourceVersion "1"]
[SourceVersionDate "2023.10.10"]
[SourceQuality "1"]

1. d4 Nf6 2. Nd2 d5 3. e3 e6 4. Bd3 c5 5. c3 Nc6 6. Ngf3 cxd4 7. exd4 Bd6 8. 0-0 Bd7 9. Re1 Qc7 10. Qe2 0-0-0 11. Ne5 Be8 12. Ndf3 Nd7 13. Nxc6 Qxc6 14. a4 Kb8 15. a5 Nf8 16. Bd2 f6 17. a6 b6 18. c4 Bg6 19. c5 Bxd3 20. Qxd3 Bc7 21. cxb6 Bxb6 22. Rac1 Qd7 23. Bf4+ Ka8 24. Qb3 Rc8 25. Qb5 Rc4 26. Rxc4 dxc4 27. Qxd7 Nxd7 28. Rxe6 Nb8 29. Bxb8 Kxb8 30. Re7 Rd8 31. Rxg7 Bxd4 32. Nxd4 Rxd4 33. g3 Rd1+ 34. Kg2 Rb1 35. Rb7+ Kc8 36. Rxa7 Rxb2 37. Rxh7 Ra2 38. Rh4 Ra4 39. Rf4 Kc7 40. a7 Kb7 41. a8Q+ Kxa8 42. Rxf6 Kb7 43. Kf1 c3 44. Ke2 Rd4 45. Rf3 Rd2+ 46. Ke1 Rc2 47. Kd1 Rd2+ 48. Kc1 Kb6 49. Rxc3 Rxf2 50. Rc2 Rf5 51. Kd2 Re5 52. Kd3 Kb7 53. Re2 Ra5 54. Ke4 Kc7 55. Kf4 Kd7 56. h4 Kd8 57. g4 1-0

[Event "Torino San Giovanni op 2nd"]
[Site "Torino"]
[Date "2015.06.23"]
[Round "5"]
[White "Lattanzio, Savino"]
[Black "Llupa, Oltjon"]
[Result "1-0"]
[WhiteElo "2112"]
[BlackElo "2006"]
[PlyCount "59"]
[EventDate "2015.06.20"]
[EventType "swiss"]
[EventRounds "6"]
[EventCountry "ITA"]
[SourceTitle "EXT 2017"]
[Source "ChessBase"]
[SourceDate "2016.10.25"]
[SourceVersion "1"]
[SourceVersionDate "2016.10.25"]
[SourceQuality "1"]

1. d4 d5 2. e3 Nf6 3. Bd3 c6 4. Nd2 e6 5. f4 c5 6. c3 b6 7. Nh3 Be7 8. 0-0 a5 9. Qf3 Ba6 10. Nf2 Qc8 11. Kh1 Nc6 12. dxc5 Bxc5 13. b3 Ne7 14. Bb2 a4 15. Bxa6 Rxa6 16. c4 Bb4 17. Bxf6 gxf6 18. Qe2 Bxd2 19. Qxd2 dxc4 20. Ne4 Nf5 21. Qb4 Qc6 22. Nxf6+ Kd8 23. e4 Nd6 24. e5 Nf5 25. Rac1 Qc5 26. Qd2+ Ke7 27. Qd7+ Kf8 28. Qd8+ Kg7 29. Nh5+ Kg6 30. Qg5# 1-0

[Event "Torino San Giovanni op 2nd"]
[Site "Torino"]
[Date "2015.06.21"]
[Round "3"]
[White "Mina, Marco"]
[Black "Lattanzio, Savino"]
[Result "0-1"]
[WhiteElo "2010"]
[BlackElo "2112"]
[PlyCount "108"]
[EventDate "2015.06.20"]
[EventType "swiss"]
[EventRounds "6"]
[EventCountry "ITA"]
[SourceTitle "EXT 2017"]
[Source "ChessBase"]
[SourceDate "2016.10.25"]
[SourceVersion "1"]
[SourceVersionDate "2016.10.25"]
[SourceQuality "1"]

1. e4 c6 2. d4 d5 3. exd5 cxd5 4. c4 Nf6 5. Nc3 e6 6. c5 b6 7. b4 Be7 8. Nf3 0-0 9. Bd3 a5 10. Na4 Nfd7 11. a3 axb4 12. axb4 e5 13. dxe5 bxc5 14. bxc5 Nxc5 15. Bc2 Nxa4 16. Qd3 g6 17. Bxa4 Ba6 18. Qd4 Nd7 19. Bc6 Nc5 20. Bxa8 Nd3+ 21. Kd1 Bc5 22. Qxd5 Nxf2+ 23. Ke1 Nd3+ 24. Kd2 Bb4+ 25. Kc2 Qb6 26. Rxa6 Rc8+ 27. Kb1 Qxa6 28. Bb7 Qb6 29. Bxc8 Bc3+ 30. Kc2 Nb4+ 31. Kxc3 Nxd5+ 32. Kd3 Nb4+ 33. Kc4 Nc6 34. Bh3 Qb4+ 35. Kd3 Qb1+ 36. Ke3 Nb4 37. g4 Na2 38. Kd2 Qb3 39. Ke2 Qc4+ 40. Kf2 Nxc1 41. Rxc1 Qxc1 42. Bg2 Qf4 43. g5 Kf8 44. Ke2 Ke7 45. Kf2 Ke6 46. Ke2 Kf5 47. Bh1 Qc1 48. Bg2 Kf4 49. Ne1 Qe3+ 50. Kf1 Kxg5 51. Bd5 Qc1 52. Ke2 Qb2+ 53. Kd3 Qb1+ 54. Kd2 Qb4+ 0-1

[Event "Montesilvano Adriatico op 3rd"]
[Site "Montesilvano"]
[Date "2013.09.22"]
[Round "4"]
[White "Lattanzio, Savino"]
[Black "Basso, Pier Luigi"]
[Result "0-1"]
[WhiteElo "2100"]
[BlackElo "2225"]
[PlyCount "75"]
[EventDate "2013.09.20"]
[EventType "swiss"]
[EventRounds "5"]
[EventCountry "ITA"]
[SourceTitle "EXT 2015"]
[Source "ChessBase"]
[SourceDate "2014.11.20"]
[SourceVersion "1"]
[SourceVersionDate "2014.11.20"]
[SourceQuality "1"]

1. d4 Nf6 2. Nf3 e6 3. c4 d5 4. Nbd2 Be7 5. g3 c5 6. Bg2 dxc4 7. dxc5 c3 8. bxc3 0-0 9. 0-0 Bxc5 10. Nb3 Bb6 11. Ba3 Re8 12. Qc2 Nc6 13. Rad1 Bd7 14. Rd3 e5 15. e4 Qc8 16. Nfd2 Bg4 17. Nc4 Bc7 18. Ne3 Bb6 19. Nd5 Nxd5 20. exd5 Nd4 21. Nxd4 exd4 22. c4 Be2 23. Bb2 Qf5 24. Rfd1 Rac8 25. Bf1 Bxd1 26. Qxd1 Rxc4 27. d6 Qd7 28. Rf3 Rc6 29. Qb3 Rxd6 30. Bc4 Rf6 31. Rxf6 gxf6 32. Bb5 Re1+ 33. Kg2 Qf5 34. Bd3 Qe6 35. Qc2 Qd5+ 36. f3 Kg7 37. Bc1 Qc5 38. Bh6+ 0-1

[Event "Morrovalle op 3rd"]
[Site "Trodica di Morrovalle"]
[Date "2013.08.16"]
[Round "1"]
[White "Lattanzio, Savino"]
[Black "Ragnini, Damiano"]
[Result "1-0"]
[WhiteElo "2076"]
[BlackElo "1697"]
[PlyCount "39"]
[EventDate "2013.08.16"]
[EventType "swiss"]
[EventRounds "5"]
[EventCountry "ITA"]
[SourceTitle "EXT 2015"]
[Source "ChessBase"]
[SourceDate "2014.11.20"]
[SourceVersion "1"]
[SourceVersionDate "2014.11.20"]
[SourceQuality "1"]

1. e4 c5 2. c3 Nc6 3. d4 cxd4 4. cxd4 e6 5. d5 exd5 6. exd5 Bb4+ 7. Nc3 Nce7 8. Qd4 Bxc3+ 9. bxc3 Nf6 10. d6 Ng6 11. Qe3+ Kf8 12. Nf3 Qe8 13. Bd3 Qxe3+ 14. fxe3 b6 15. 0-0 Bb7 16. e4 Re8 17. Bb2 Nxe4 18. Bxe4 Rxe4 19. Ng5 Rg4 20. Nxf7 1-0

[Event "ITA-ch sf 72nd"]
[Site "Civitanova Marche"]
[Date "2012.07.21"]
[Round "8"]
[White "Parrella, Alfredo"]
[Black "Lattanzio, Savino"]
[Result "1/2-1/2"]
[WhiteElo "2101"]
[BlackElo "2089"]
[PlyCount "80"]
[EventDate "2012.07.15"]
[EventType "swiss"]
[EventRounds "9"]
[EventCountry "ITA"]
[SourceTitle "EXT 2013"]
[Source "ChessBase"]
[SourceDate "2012.11.22"]
[SourceVersion "1"]
[SourceVersionDate "2012.11.22"]
[SourceQuality "1"]

1. c4 Nf6 2. d4 e6 3. Nc3 d5 4. cxd5 exd5 5. Bg5 Be7 6. Qc2 c6 7. e3 Nbd7 8. Bd3 0-0 9. Nge2 Re8 10. 0-0 Nf8 11. f3 h6 12. Bh4 Ne6 13. Bf2 c5 14. dxc5 Bxc5 15. Na4 Bd6 16. a3 Bd7 17. b4 b5 18. Nac3 Qb8 19. Kh1 a5 20. Qb3 axb4 21. axb4 Qb7 22. Bg3 Bxg3 23. Nxg3 Rxa1 24. Rxa1 Ng5 25. h4 Ngh7 26. e4 Qb8 27. Nce2 dxe4 28. Nxe4 Nxe4 29. Bxe4 Nf6 30. Ra8 Qb6 31. Rxe8+ Bxe8 32. Ng3 Qf2 33. Kh2 Nh5 34. Nf5 Nf4 35. Qc2 Qxc2 36. Bxc2 Nd5 37. Nd6 Nxb4 38. Bd1 Bc6 39. Be2 Kf8 40. Bxb5 Bd5 1/2-1/2

[Event "ITA-ch sf 72nd"]
[Site "Civitanova Marche"]
[Date "2012.07.17"]
[Round "3"]
[White "Dobboletta, Alex"]
[Black "Lattanzio, Savino"]
[Result "1-0"]
[WhiteElo "2002"]
[BlackElo "2089"]
[PlyCount "47"]
[EventDate "2012.07.15"]
[EventType "swiss"]
[EventRounds "9"]
[EventCountry "ITA"]
[SourceTitle "EXT 2013"]
[Source "ChessBase"]
[SourceDate "2012.11.22"]
[SourceVersion "1"]
[SourceVersionDate "2012.11.22"]
[SourceQuality "1"]

1. e4 c5 2. Nf3 Nf6 3. Nc3 Nc6 4. d4 cxd4 5. Nxd4 d6 6. Bg5 e6 7. Qd2 a6 8. 0-0-0 Qc7 9. f3 Be7 10. Be3 0-0 11. g4 b5 12. g5 Nd7 13. h4 Nc5 14. h5 Nxd4 15. Qxd4 b4 16. h6 e5 17. Qxb4 Rb8 18. Nd5 Rxb4 19. Nxc7 Rb8 20. Nd5 Bd8 21. hxg7 Kxg7 22. Nf6 Rh8 23. Nh5+ Kg6 24. Rxd6+ 1-0

[Event "ITA-ch sf 72nd"]
[Site "Civitanova Marche"]
[Date "2012.07.17"]
[Round "4"]
[White "Lattanzio, Savino"]
[Black "De Nisi, Roberta"]
[Result "1-0"]
[WhiteElo "2089"]
[BlackElo "1975"]
[PlyCount "105"]
[EventDate "2012.07.15"]
[EventType "swiss"]
[EventRounds "9"]
[EventCountry "ITA"]
[SourceTitle "EXT 2013"]
[Source "ChessBase"]
[SourceDate "2012.11.22"]
[SourceVersion "1"]
[SourceVersionDate "2012.11.22"]
[SourceQuality "1"]

1. e4 e6 2. d4 d5 3. Nd2 Nf6 4. e5 Nfd7 5. Bd3 c5 6. c3 Nc6 7. Ne2 cxd4 8. cxd4 Qb6 9. Nf3 Be7 10. 0-0 f6 11. Nf4 Nb4 12. Bb1 g5 13. exf6 gxf4 14. fxe7 Qd6 15. Re1 Nc6 16. Ne5 Nf6 17. Bxf4 Qxe7 18. Bf5 0-0 19. Ng4 Ne4 20. Bxe4 Rxf4 21. Bxd5 Qg7 22. Bxc6 Rxg4 23. Be4 Rb8 24. g3 Bd7 25. d5 exd5 26. Qxd5+ Kh8 27. Rad1 Bc6 28. Qd8+ Qf8 29. Qxf8+ Rxf8 30. Bxc6 bxc6 31. Rc1 Rg6 32. Re7 Rgf6 33. f4 Rg6 34. Rd1 a5 35. Rdd7 h6 36. Ra7 Rb8 37. b3 Rb5 38. Re8+ Rg8 39. Rxg8+ Kxg8 40. Rc7 Rc5 41. Kg2 Rc2+ 42. Kh3 Rxa2 43. Rxc6 Kg7 44. Rc4 Rb2 45. Ra4 Rxb3 46. Rxa5 Rb2 47. g4 Rb3+ 48. Kh4 Rf3 49. f5 Kf6 50. Ra6+ Kg7 51. Ra7+ Kg8 52. Kh5 Rf4 53. h4 1-0

[Event "ITA-ch sf 72nd"]
[Site "Civitanova Marche"]
[Date "2012.07.16"]
[Round "2"]
[White "Dappiano, Andrea"]
[Black "Lattanzio, Savino"]
[Result "1-0"]
[WhiteElo "2180"]
[BlackElo "2089"]
[PlyCount "90"]
[EventDate "2012.07.15"]
[EventType "swiss"]
[EventRounds "9"]
[EventCountry "ITA"]
[SourceTitle "EXT 2013"]
[Source "ChessBase"]
[SourceDate "2012.11.22"]
[SourceVersion "1"]
[SourceVersionDate "2012.11.22"]
[SourceQuality "1"]

1. Nf3 Nf6 2. g3 d5 3. c4 e6 4. Bg2 Be7 5. 0-0 0-0 6. b3 c5 7. e3 Nc6 8. Bb2 b6 9. Nc3 Bb7 10. cxd5 exd5 11. d4 Rc8 12. dxc5 bxc5 13. Rc1 Ba6 14. Re1 Nb4 15. Bf1 Bxf1 16. Rxf1 c4 17. Ne1 Qd7 18. a3 Nc6 19. bxc4 Qh3 20. Nxd5 Ng4 21. Nf3 Bd6 22. Nf4 Bxf4 23. exf4 Rfd8 24. Qc2 Rd6 25. Qf5 Rb8 26. Rfd1 Ne7 27. Qg5 f6 28. Qc5 Re6 29. Bd4 Rb3 30. Rc3 Rb2 31. Rcd3 Rbe2 32. Qa5 Nc6 33. Qd5 Ne7 34. Qa8+ Kf7 35. R3d2 Nf5 36. Rxe2 Rxe2 37. Qd5+ Kg6 38. Bxa7 Nge3 39. Nh4+ Nxh4 40. Bxe3 Qg4 41. c5 Nf3+ 42. Kh1 f5 43. c6 Ne1 44. c7 Qh3 45. Kg1 Qg4 1-0

[Event "Bisaccia op 2nd"]
[Site "Bisaccia"]
[Date "2010.06.01"]
[Round "6"]
[White "Laketic, Gojko"]
[Black "Lattanzio, Savino"]
[Result "1-0"]
[WhiteElo "2453"]
[BlackElo "2025"]
[PlyCount "78"]
[EventDate "2010.05.29"]
[EventType "swiss"]
[EventRounds "7"]
[EventCountry "ITA"]
[SourceTitle "EXT 2024"]
[Source "ChessBase"]
[SourceDate "2023.10.10"]
[SourceVersion "1"]
[SourceVersionDate "2023.10.10"]
[SourceQuality "1"]

1. e4 c5 2. Nf3 e6 3. d3 d5 4. Nbd2 g6 5. g3 Bg7 6. Bg2 Ne7 7. 0-0 0-0 8. Re1 Nbc6 9. e5 f6 10. exf6 Bxf6 11. Nb3 b6 12. Bh6 Re8 13. c3 Nf5 14. Bc1 a5 15. a4 e5 16. h4 Ra7 17. Bg5 Bxg5 18. Nxg5 h6 19. Nf3 g5 20. hxg5 hxg5 21. Nbd2 g4 22. Nh2 Nh6 23. Ndf1 Be6 24. Ne3 Rd7 25. Nexg4 Nxg4 26. Nxg4 Qg5 27. Nh2 Ree7 28. Qb3 Rh7 29. Qxb6 Qh6 30. Nf3 Bh3 31. Nh4 Bxg2 32. Kxg2 Rdg7 33. Qxc5 Qe6 34. Rh1 e4 35. Rae1 Ne7 36. c4 Qg4 37. cxd5 exd3 38. d6 d2 39. dxe7 dxe1Q 1-0

[Event "Bisaccia op 2nd"]
[Site "Bisaccia"]
[Date "2010.05.31"]
[Round "4"]
[White "Gromovs, Sergejs"]
[Black "Lattanzio, Savino"]
[Result "1-0"]
[WhiteElo "2319"]
[BlackElo "2025"]
[PlyCount "85"]
[EventDate "2010.05.29"]
[EventType "swiss"]
[EventRounds "7"]
[EventCountry "ITA"]
[SourceTitle "EXT 2024"]
[Source "ChessBase"]
[SourceDate "2023.10.10"]
[SourceVersion "1"]
[SourceVersionDate "2023.10.10"]
[SourceQuality "1"]

1. d4 Nf6 2. Nf3 e6 3. c4 b6 4. g3 Ba6 5. Qc2 c5 6. Bg2 Nc6 7. dxc5 Bxc5 8. 0-0 Rc8 9. a3 Nd4 10. Nxd4 Bxd4 11. Nd2 b5 12. e3 Bb6 13. b3 d5 14. Bb2 bxc4 15. bxc4 Bxc4 16. Rfc1 0-0 17. Nf3 Ne4 18. Ne5 Nd6 19. a4 f6 20. Nd3 Bxd3 21. Qxd3 Rxc1+ 22. Bxc1 Rf7 23. h4 Nc4 24. e4 Ne5 25. Qb3 Ng4 26. exd5 Bxf2+ 27. Kh1 Rd7 28. Bf3 Rxd5 29. Bxg4 f5 30. Bg5 Qb6 31. Qxb6 axb6 32. Bf3 Rd3 33. Kg2 Bd4 34. Rd1 Rxd1 35. Bxd1 h6 36. Bd2 Kf7 37. Kf3 Bf6 38. Bb3 g5 39. h5 Bd4 40. g4 Kf6 41. Bb4 Be5 42. Bf8 Bd4 43. Ke2 1-0

[Event "Bisaccia op"]
[Site "Bisaccia"]
[Date "2009.06.02"]
[Round "7"]
[White "Lattanzio, Savino"]
[Black "Forlano, Luigi"]
[Result "1-0"]
[WhiteElo "2021"]
[BlackElo "2006"]
[PlyCount "63"]
[EventDate "2009.05.29"]
[EventType "swiss"]
[EventRounds "7"]
[EventCountry "ITA"]
[SourceTitle "EXT 2011"]
[Source "ChessBase"]
[SourceDate "2010.11.26"]
[SourceVersion "1"]
[SourceVersionDate "2010.11.26"]
[SourceQuality "1"]

1. e4 c5 2. Nc3 g6 3. g3 Bg7 4. d3 Nc6 5. Bg2 Nf6 6. f4 d6 7. Nf3 Bg4 8. h3 Bxf3 9. Qxf3 Nd4 10. Qf2 0-0 11. 0-0 Nd7 12. Be3 Rc8 13. Nd1 b5 14. c3 Nc6 15. Qd2 Qc7 16. f5 b4 17. Bh6 bxc3 18. bxc3 Qb6 19. Bxg7 Kxg7 20. Rf2 a5 21. Ne3 h6 22. Ng4 g5 23. f6+ exf6 24. Raf1 Qd8 25. h4 Nce5 26. Ne3 Kg6 27. d4 cxd4 28. cxd4 Nc6 29. Bh3 Nb6 30. Ng4 Nd7 31. Nxh6 Kxh6 32. Bxd7 1-0

[Event "Bisaccia op"]
[Site "Bisaccia"]
[Date "2009.06.01"]
[Round "6"]
[White "Franciosi, Fausto"]
[Black "Lattanzio, Savino"]
[Result "1/2-1/2"]
[WhiteElo "1903"]
[BlackElo "2021"]
[PlyCount "41"]
[EventDate "2009.05.29"]
[EventType "swiss"]
[EventRounds "7"]
[EventCountry "ITA"]
[SourceTitle "EXT 2011"]
[Source "ChessBase"]
[SourceDate "2010.11.26"]
[SourceVersion "1"]
[SourceVersionDate "2010.11.26"]
[SourceQuality "1"]

1. d4 d5 2. c4 c6 3. Nc3 Nf6 4. Nf3 a6 5. a4 e6 6. Bg5 Bb4 7. Qc2 Nbd7 8. e3 Qa5 9. c5 Ne4 10. Rd1 b6 11. cxb6 Nxb6 12. Bd3 Nxg5 13. Nxg5 h6 14. Nf3 Nxa4 15. 0-0 Nxc3 16. bxc3 Bd6 17. c4 dxc4 18. Qxc4 Bd7 19. Ra1 Qc7 20. Rxa6 0-0 21. Rfa1 1/2-1/2